00605cam a22002051 4500001001300000003000400013005001700017008004100034010001700075035002000092040001800112042001200130050001700142100002100159245004300180260005400223300001900277650003700296810006600333ne 68004454 DLC20260227111849.0890327s1964 tu d 000 0 tur  ane 68004454  a(OCoLC)23571140 aDLCcMiUdDLC apremarc00aHF1002b.O381 aÖztelli, Cahit10aResmî yazışmalar sözlüğü. a[Ankara]bAnkara Üniversitesi Basımevi,c1964. a166 p.c17 cm. 0aCommercexDictionariesxTurkish.2 aTürk Dil Kurumu.tTürk Dil Kurumu yayınlarından ;v228.